Ethics of the conduct of business (Record no. 55)

MARC details
000 -LEADER
fixed length control field 00446 a2200181 4500
001 - CONTROL NUMBER
control field 002078
003 - CONTROL NUMBER IDENTIFIER
control field OSt
005 - DATE AND TIME OF LATEST TRANSACTION
control field 20220105113534.0
008 - FIXED-LENGTH DATA ELEMENTS--GENERAL INFORMATION
fixed length control field
082 ## - DEWEY DECIMAL CLASSIFICATION NUMBER
Classification number 174.4
Item number B63E
100 1# - MAIN ENTRY--PERSONAL NAME
Personal name Boatright John R.
245 1# - TITLE STATEMENT
Title Ethics of the conduct of business
Statement of responsibility, etc by John R. Boatright
250 ## - EDITION STATEMENT
Edition statement 4th ed.
260 ## - PUBLICATION, DISTRIBUTION, ETC. (IMPRINT)
Place of publication, distribution, etc New Delhi
Name of publisher, distributor, etc Pearson
Date of publication, distribution, etc 2007
300 ## - PHYSICAL DESCRIPTION
Extent 464p.
653 ## - INDEX TERM--UNCONTROLLED
Uncontrolled term Ethics; Management
942 ## - ADDED ENTRY ELEMENTS (KOHA)
Source of classification or shelving scheme Dewey Decimal Classification
Koha item type Books
Holdings
Withdrawn status Lost status Source of classification or shelving scheme Damaged status Not for loan Collection code Home library Current library Date acquired Source of acquisition Cost, normal purchase price Full call number Barcode Date last seen Price effective from Koha item type
    Dewey Decimal Classification     General Text Book Central University Of Rajasthan Central University Of Rajasthan 28/09/2010 MGM 399.00 174.4 B63E 2070 21/11/2024 02/09/2020 Books